01470 2200421 4500001002100000005001500021035002000036007000300056008004100059020002100100082001400121084001600135245020400151250003500355300005500390650003000445504002500475264003700500336002100537337003000558338002300588040002200611090002200633850001200655999002200667100003500689700003000724700003200754700003200786700002700818700003800845700003000883700002900913700002400942700002700966700003300993990002201026INLIS00000000088730320240606110834 a0010-0624000205ta231002s2024 yoia g ind d a978-623-240845-604223a338.9 a338.9 ARI h10aHamemayu samudera /cR. A. Arida Oetami, Hadjar Pamdahi, Muchamad Zaenuri, Sri Mulyaningsih, H. Sarwidi, Nindyo Cahyo Kresnanto, Susanto Sudiro, Wiyatiningsih, Suryanto, M. Suyanto, Erni Ummi Hasanah aCetakan Pertama, November 2023 avi, 297 Halaman :bgambar berwarna, tabel ;c25 cm04aPembangunan berkelanjutan aTermasuk bibliografi31aSleman :bDiandra Kreatif,c2023 2rdacontentateks 2rdamediaatanpa perantara 2rdacarrieravolume aYOPDYOGbinderda aCB-D.11 2024-5252 aYOPDYOG aCB-D.11/2023-52521 aArida Oetami, A. R.epengarang0 aHadjar Pamdahiepengarang0 aMuchamad Zaenuriepengarang0 aSri Mulyaningsihepengarang0 aSarwidicH,epengarang0 aNindyo Cahyo Kresnantoepengarang0 aSusanto Sudiroepengarang0 aWiyatiningsihepengarang0 aSuryantoepengarang1 aSuyanto, M.epengarang0 aErni Ummi Hasanahepengarang aCB-D.11/2023-5252